000 00700nam a2200289Ia 4500
005 20260324124503.0
008 008 260324s9999 xx 000 0 eng d
020 _a9780203855997
037 _aEBOOK
040 _aCRL
040 _beng
040 _cCRL
041 _2eng
041 _aeng
084 _qCRL
100 _aGerlinde Mautner
_91174342
245 0 _aLanguage and the Market Society
245 0 _bCritical Reflections on Discourse and Dominance
260 _bTaylor and Francis
260 _c2010
365 _a
365 _b240
856 _uhttp://www.taylorfrancis.com/books/9780203855997
942 _cEBOOK
999 _c1768757
_d1768757